Intermediate Geometry (Record no. 181004)
[ view plain ]
| 000 -LEADER | |
|---|---|
| fixed length control field | 00848 a2200169 4500 |
| 003 - CONTROL NUMBER IDENTIFIER | |
| control field | Nust |
| 005 - DATE AND TIME OF LATEST TRANSACTION | |
| control field | 20221124135426.0 |
| 040 ## - CATALOGING SOURCE | |
| Transcribing agency | Nust |
| 082 ## - DEWEY DECIMAL CLASSIFICATION NUMBER | |
| Classification number | 516, CRA |
| 100 ## - MAIN ENTRY--PERSONAL NAME | |
| Personal name | Cracknell A.G |
| 9 (RLIN) | 103520 |
| 245 ## - TITLE STATEMENT | |
| Title | Intermediate Geometry |
| Statement of responsibility, etc. | A.G Cracknell |
| Remainder of title | being the geometry of similar figures space and solids |
| 260 ## - PUBLICATION, DISTRIBUTION, ETC. | |
| Place of publication, distribution, etc. | London |
| Name of publisher, distributor, etc. | University Tutrial |
| Date of publication, distribution, etc. | 1936 |
| 300 ## - PHYSICAL DESCRIPTION | |
| Extent | 262:p |
| 505 ## - FORMATTED CONTENTS NOTE | |
| Formatted contents note | Ratio And Proportions (Page-1), Similar Figures (Page-31), Proportion Theorems On Areas (Page-51), Rectangle Theorems (Page-65), Straight Lines And Planes (Page-87), Parallel And Parallelepids (Page-98), Lines Perpendicular To Planes (Page-116), Dihedral, Trihedral And Polyhedral Angles (Page-131), Polyhedra (Page-145), Solids Of Revolution (Page-169), Surface Area And Volumes Of Simple Solids (Page-177). |
| 650 ## - SUBJECT ADDED ENTRY--TOPICAL TERM | |
| Topical term or geographic name entry element | Geometry |
| 9 (RLIN) | 33411 |
| 942 ## - ADDED ENTRY ELEMENTS (KOHA) | |
| Source of classification or shelving scheme | |
| Koha item type | Book |
| Withdrawn status | Lost status | Source of classification or shelving scheme | Damaged status | Not for loan | Permanent Location | Current Location | Shelving location | Date acquired | Full call number | Barcode | Date last seen | Price effective from | Koha item type | Public note |
|---|---|---|---|---|---|---|---|---|---|---|---|---|---|---|
| Military College of Signals (MCS) | Military College of Signals (MCS) | General Stacks | 12/12/2016 | 516, CRA | MCS29761 | 12/08/2016 | 12/12/2016 | Book | Almirah No.13, Shelf No.6 |
